The 15 Coolest Flags - Statistics

General Stats
  • This quiz has been taken 67 times
  • The average score is 6 of 15
Answer Stats
Rank Continent Country % Correct
5 North America Canada
65%
9 Asia Japan
63%
4 South America Brazil
54%
14 North America Mexico
50%
1 Asia Bhutan
48%
6 Oceania Papua New Guinea
39%
11 Africa South Africa
39%
7 Asia Nepal
37%
2 Asia South Korea
35%
15 Europe Greece
26%
13 North America Jamaica
26%
10 Europe Iceland
24%
3 Europe Albania
22%
8 Europe Macedonia
19%
12 Europe Slovakia
6%
No matching quizzes found
Score Distribution
Percent of People with Each Score
Percentile by Number Answered
Your Score History
You have not taken this quiz